00693nam a2200241 a 4500001001300000003000900013005001700022008004100039020001100080082001500091100002500106245002500131260004100156300000800197500003500205505002400240650002100264700002500285902000800310942000700318952011100325999001500436nice12345678IN_TiNIC20260116012106.0050524s1962 hyda grp 000 0 urd  ac1.2500a297.4bNOM aNomani, H Laiq Ahmad aSeerat-E-Banda Nawaz aHyderabadbIjaz Printing Pressc1962 a76p aincludes index and biblioraphy2 aBibliography, Index aSufism-Gesudaraz1 aNomani, H Laiq Ahmad bSRS cBK 001040708StackRoom-aHMIbHMId2007-09-27g1.25l0o297.4 NOMp07670r2007-09-27v1.25w2005-05-24yBK c5603d5603